Loading...

Theory and problems of macroeconomic theory

Bibliographic Details
Main Author: Diulio, Eugene A
Format: Printed Book
Published: McGraw-Hill Publishing Company Limited, England 1990
Edition:2
Series:Schum's Outline Series
Subjects:
LEADER 00559nam a2200193 4500
020
082 |a 339 DIU-T2 
100 |a Diulio, Eugene A 
245 |a Theory and problems of macroeconomic theory 
250 |a 2 
260 |a McGraw-Hill Publishing Company Limited, England  |c 1990 
300
490 |a Schum's Outline Series 
500
590
650 |a Macroeconomics & related topics 
942 |c BK 
999 |c 112482  |d 112482 
952 |0 0  |1 0  |4 0  |6 339_000000000000000_DIUT2  |7 0  |9 125949  |a ECN  |b ECN  |l 0  |o 339 DIU-T2  |p ECN09506  |r 2019-09-25  |w 2019-09-25  |y BK